[Event "HUN-POL m"]
[Site "Budapest"]
[Date "2014.06.11"]
[Round "4.3"]
[White "Swiercz, Dariusz"]
[Black "Polgar, Judit"]
[Result "1-0"]
[WhiteElo "2613"]
[BlackElo "2685"]
[Annotator "Schulz,Andre"]
[PlyCount "47"]
[EventDate "2014.06.08"]
[EventType "schev"]
[EventRounds "6"]
[EventCountry "HUN"]
[SourceTitle "CBM 161"]
[Source "ChessBase"]
[SourceDate "2014.07.16"]
[SourceVersion "1"]
[SourceVersionDate "2014.07.16"]
[SourceQuality "1"]
[WhiteTeam "Poland"]
[BlackTeam "Hungary"]
[WhiteTeamCountry "POL"]
[BlackTeamCountry "HUN"]

1. d4 Nf6 2. c4 e6 3. Nc3 Bb4 4. Qc2 d5 5. cxd5 exd5 ({Zuletzt war} 5... Qxd5 {
populärer.}) 6. Nf3 O-O 7. Bg5 h6 ({Nach} 7... Nbd7 8. e3 c6 9. Bd3 Qa5 10.
O-O Re8 11. Nd2 {entsteht eine Position, die dem Abgelehnten Damengambit
zugerechnet wird.}) 8. Bh4 g5 ({In einer Partie des Mannschaftskollegen von
Swiercz geschah} 8... c5 9. dxc5 Na6 10. e3 Nxc5 11. Be2 g5 12. Bg3 Nfe4 13.
Nd4 Qf6 14. O-O Bxc3 15. bxc3 Bf5 16. Qb2 Bg6 17. c4 dxc4 18. Bxc4 Rac8 19. Bd5
b6 20. Bxe4 Nxe4 21. f3 Nxg3 22. hxg3 Qe5 23. Qf2 Rc3 24. e4 Rd3 25. Rad1 Rxd1
26. Rxd1 Rd8 27. Rd2 Rd6 28. g4 Kh7 29. Nf5 Bxf5 30. Rxd6 Qxd6 31. gxf5 Qe5 32.
Qe2 {1/2-1/2 (32) Wojtaszek,R (2724)-Gharamian,T (2655) Saint Quentin 2014}) 9.
Bg3 Ne4 10. e3 Bf5 11. Bd3 Nd7 ({Ein neuer Zug an dieser Stelle.} 11... c5 {
Bisher spielte man} 12. dxc5 Nd7 13. Bd6 Re8 14. O-O Bxc3 15. bxc3 Rc8 16. Nd4
Bg6 17. Nb3 Qf6 18. Bxe4 Bxe4 19. Qe2 b6 20. Qb5 Red8 21. Rfd1 Nxc5 22. Nxc5
Rxd6 23. Nxe4 dxe4 24. Rxd6 Qxd6 25. Qf5 Rc4 26. h4 gxh4 27. Qg4+ Qg6 28. Qxh4
Rxc3 29. Rd1 Rc2 30. Rd4 Rxa2 31. Rxe4 Ra1+ 32. Kh2 Ra5 33. Re8+ {0-1 (33)
Baert,A (2104)-Pogonina,N (2495) Caleta 2014}) ({Oder} 11... c6) 12. O-O Bxc3 (
12... Nxg3 $5) 13. bxc3 c5 14. Nd2 cxd4 15. Bxe4 (15. cxd4 $4 Rc8 $19) 15...
dxe4 16. cxd4 Rc8 17. Qa4 a6 18. Rab1 {Schwarz hat Schweirigkeiten, seinen
b-Bauern zu decken, da der Lg3 am Damenflügel einige Felder kontrolliert.} Nb6
19. Qb4 Nd5 ({Besser war} 19... Rc2 $5 20. Qxb6 (20. Rfd1 Nd5 21. Qxb7 Nc3)
20... Qxb6 21. Rxb6 Rxd2) 20. Qxb7 Nc3 21. Rb6 $16 {Der weiße Vorteil ist
offensichtlich.} Be6 $2 (21... Kg7 22. Be5+ $19) ({Besser war} 21... Qd7 22.
Qxd7 Bxd7 23. Bd6 $16) 22. Be5 {Droht Txe6 und Matt auf g7.} Re8 23. Rxa6 Bd5
$2 {Verliert sofort} (23... Ra8 24. a4 {mit deutlichem Vorteil.}) 24. Rg6+ (24.
Rg6+ Kf8 (24... fxg6 25. Qg7#) 25. Qb4+ Re7 26. Rxh6 f6 27. Rh8+ Bg8 28. Bxf6
$18) 1-0

[Event "Poikovsky Karpov 16th"]
[Site "Poikovsky"]
[Date "2015.10.06"]
[Round "8"]
[White "Lysyj, Igor"]
[Black "Morozevich, Alexander"]
[Result "0-1"]
[WhiteElo "2671"]
[BlackElo "2711"]
[Annotator "Schulz,Andre"]
[PlyCount "62"]
[EventDate "2015.09.28"]
[EventType "tourn"]
[EventRounds "9"]
[EventCountry "RUS"]
[EventCategory "17"]
[SourceTitle "CBM 169"]
[Source "ChessBase"]
[SourceDate "2015.11.10"]
[SourceVersion "1"]
[SourceVersionDate "2015.11.10"]
[SourceQuality "1"]

1. d4 Nf6 2. c4 e6 3. Nc3 Bb4 4. Qc2 b6 5. e4 c5 6. a3 Bxc3+ 7. bxc3 Bb7 8. Bd3
b5 $5 9. Qb1 cxd4 10. cxd4 bxc4 11. Qxb7 cxd3 {[#]} 12. Qxa8 {Qualitätsopfer
mal anders.} Qb6 13. Nf3 $2 ({Nöig war} 13. e5 Nd5 {und nun gab es die
Möglichkeit} 14. Ra2 $1 {Falls (um nach b2 zu kommen)} Qb1 (14... O-O 15. Rb2
d2+ 16. Kxd2 Qxd4+ 17. Ke1 Qc3+ 18. Kd1 Qd4+ $11) {dann folgt das verblüffende
} 15. Ra1 $1 Qb6 (15... Qxa1 16. Qxb8+ Ke7 17. Qd6+ (17. Qxh8 $4 Qxc1#)) 16.
Ra2 $11) 13... O-O 14. Be3 (14. O-O Nc6 15. Qxf8+ Kxf8 16. d5 exd5 17. exd5
Nxd5 18. Bd2 Qa6 19. Rfe1 f6 20. h3 Kf7 21. Kh2 g5 22. Re4 Qb6 23. Kg1 h5 24.
Kf1 Qb2 25. Rae1 Qxa3 26. Rb1 Nb6 27. Kg1 Qa2 28. Rc1 Qd5 29. Ree1 g4 30. hxg4
hxg4 31. Nh2 Nc4 32. Rcd1 Nd4 33. Nxg4 Nxd2 34. Rxd2 Qg5 35. Re3 Qxg4 36. Rexd3
Ne2+ 37. Kf1 Nf4 38. Rxd7+ Kg6 39. f3 Qh4 40. Rd8 Qh1+ 41. Kf2 Qxg2+ 42. Ke3
Qg1+ 43. Kxf4 Qg5+ 44. Ke4 f5+ {0-1 (44) Xiong,J (2544)-Moradiabadi,E (2587)
ICC INT 2015}) 14... Na6 15. Qxf8+ Kxf8 16. O-O {[#]} Nxe4 {Auch hier ist die
Dame besser als die beiden Türme.} 17. Ne5 Qd6 18. Nxd3 Nc3 19. Kh1 f6 20.
Rfc1 Nd5 21. a4 g5 22. a5 h5 23. Rc4 g4 24. Bh6+ Kf7 25. Rc8 Nab4 26. Nc5 h4
27. Re1 Nc6 28. Rh8 Nxd4 29. Nxd7 h3 30. Nf8 {[#]} hxg2+ 31. Kxg2 Qc6 0-1

[Event "Yalta op"]
[Site "Yalta"]
[Date "1995.??.??"]
[Round "3"]
[White "Kiriakov, Petr"]
[Black "Kushch, Nikolai"]
[Result "1-0"]
[WhiteElo "2480"]
[BlackElo "2360"]
[Annotator "Shipov,S"]
[PlyCount "75"]
[EventDate "1995.??.??"]
[EventType "swiss"]
[EventRounds "9"]
[EventCountry "UKR"]
[SourceTitle "CBM 047 Extra"]
[Source "ChessBase"]
[SourceDate "1995.09.01"]
[SourceVersion "1"]
[SourceVersionDate "1995.09.01"]
[SourceQuality "1"]

1. d4 Nf6 2. c4 e6 3. Nc3 Bb4 4. Qc2 O-O 5. a3 Bxc3+ 6. Qxc3 b6 7. Bg5 Bb7 8.
Nh3 h6 9. Bh4 d5 (9... d6) 10. cxd5 exd5 11. e3 Nbd7 (11... c5 12. Bd3 (12.
dxc5 g5 13. Bg3 d4 $1 14. Qxd4 Qxd4 15. exd4 Re8+ $44) 12... g5 (12... Nc6 13.
dxc5 (13. O-O $2 cxd4 14. exd4 g5 $1 15. Qc1 Nh5 16. Re1 Qf6 $17 {Georgiev,
Kir-Karpov,A/Tilburg/1994/}) 13... d4 14. Qc2 Ne5 15. O-O bxc5 16. Bf5 (16.
Bh7+ $5 Kh8 17. Bf5) 16... Qd5 17. f3 dxe3 $132 {Sokolov,I-Nijboer,F/NED/1994/}
) 13. Bg3 cxd4 14. Qxd4 Nc6 15. Qa4 d4 16. O-O Qd5 17. Rfd1 $2 (17. Bc4 Qe4 18.
Rae1 {/\f3+/-/}) 17... Ne5 18. Bf1 Nf3+ 19. Kh1 $8 Ne4 $15 {Chernin,A-Farago,I/
Graz/1994/}) (11... Re8 12. Bd3 c5 13. O-O (13. dxc5 d4) 13... c4 $5 14. Bc2
Nc6 $1 15. f3 b5 16. Nf2 Qd6 17. Rad1 a5 18. e4 b4 $13 {Hracek,Z-Ulibin,M/
Oakham/1990/}) 12. Bd3 c5 13. O-O Re8 {N/} (13... Rc8 14. dxc5 $1 (14. f3 Qe7
15. Bf5 cxd4 16. Qxd4 Rc4 17. Bxf6 Nxf6 18. Qd2 d4 $1 $10 {Georgiev,
Kir-Kalesis,N/Komotini/1993/}) 14... bxc5 15. Bf5 Rc6 (15... g5 16. Nxg5 $1
hxg5 17. Bxg5 $18) 16. Bxd7 Qxd7 17. Bxf6 $16 {Agdestein,S-Yusupov,A/Reykjavik/
1990/}) (13... g5 $5 14. Bg3 Re8) 14. Rfe1 (14. Bf5 $5 g5 $8 15. Bg3 Ne4 16.
Qd3 $14) 14... g5 15. Bg3 Ne4 16. Qc2 (16. Bxe4 $6 dxe4 $15) 16... Rc8 17. Qd1
Nxg3 $1 (17... Ndf6 18. Be5 $1) 18. hxg3 Qf6 $2 (18... Nf6 $10) 19. Qg4 $1 Qd6
(19... Rcd8 20. Nf4 $36) 20. Qf5 Nf6 21. f4 $16 g4 (21... gxf4 $5) 22. Nf2 h5
23. Qg5+ Kf8 24. Bf5 $1 {/\Nd3-e5/} Rcd8 25. dxc5 $1 (25. Nd3 c4 $1 26. Ne5 Bc8
$13) 25... bxc5 26. Rad1 Qb6 27. Nd3 Rd6 28. Ne5 Red8 (28... Qxb2 $2 29. Rb1
Qc3 30. Rxb7 $1 Qxe1+ 31. Kh2 Re7 32. Qh6+ $18) (28... Qc7 29. Rc1) (28... Bc8
$32) 29. Qh6+ Kg8 (29... Ke8 30. Qh8+ Ke7 31. Qg7 Rf8 32. Ng6+ $18) 30. Qg5+ (
30. Bg6 Rf8 $8 31. Bxh5 Ne4 $1 $19) 30... Kf8 31. Bg6 $1 fxg6 (31... Ne4 32.
Qh6+ Ke7 33. Qg7 $18) 32. Qh6+ (32. Qxg6 Qc7) 32... Ke7 $8 33. Qg7+ Ke6 34.
Qf7+ Kf5 35. Qxg6+ Ke6 36. Qf7+ Kf5 37. e4+ $1 $18 dxe4 38. Rxd6 (38. Rxd6 Qxd6
39. Nc4 Qd4+ 40. Ne3+ $18) 1-0

[Event "Yalta op"]
[Site "Yalta"]
[Date "1995.??.??"]
[Round "5"]
[White "Kiriakov, Petr"]
[Black "Tunik, Gennady"]
[Result "1/2-1/2"]
[WhiteElo "2480"]
[BlackElo "2530"]
[Annotator "Shipov,S"]
[PlyCount "73"]
[EventDate "1995.??.??"]
[EventType "swiss"]
[EventRounds "9"]
[EventCountry "UKR"]
[SourceTitle "CBM 047 Extra"]
[Source "ChessBase"]
[SourceDate "1995.09.01"]
[SourceVersion "1"]
[SourceVersionDate "1995.09.01"]
[SourceQuality "1"]

1. d4 Nf6 2. c4 e6 3. Nc3 Bb4 4. Qc2 O-O 5. a3 Bxc3+ 6. Qxc3 b6 7. Bg5 h6 8.
Bh4 c5 9. dxc5 bxc5 10. e3 d6 11. Bd3 (11. Rd1 $5) 11... Nbd7 12. Ne2 (12. Nf3
Bb7 13. O-O a5 14. Nd2 Ra6 15. Rad1 Qa8 16. f3 Rb6 17. Nb1 d5 $1 $10 {Lautier,
J-Epishin,V/FRA/1994/}) 12... Qb6 (12... Rb8 13. Bg3 (13. Rd1 Ne4 $1 $10) 13...
Qb6 (13... Rb6 $6 14. O-O Nh5 15. b4 $1 Nxg3 16. hxg3 Qf6 17. b5 Qxc3 18. Nxc3
Rd8 19. Rfd1 $16 {Sokolov,I-Salov,S/Madrid/1994/}) 14. O-O Nh5 $1 15. Rab1 Nxg3
16. hxg3 Ne5 17. Bc2 Ba6 18. b3 $14 {Sokolov,I-Kamsky,G/ESP/1993/}) 13. O-O {N/
} (13. Rd1 {/\13...Rb8 14.Rd2/} Ba6 14. O-O Rfc8 15. Rd2 d5 16. Rfd1 Rab8 17.
Qc2 Ne5 $1 (17... Rb7 18. Nc1 d4 19. exd4 cxd4 20. b4 Bxc4 21. Bxf6 gxf6 22.
Bxc4 Ne5 23. Rxd4 Rbc7 24. Qe4 Rxc4 25. Ne2 $14 {Lautier,J-Epishin,V/Las
Palmas/1994/}) 18. Bxf6 gxf6 19. Bh7+ Kh8 20. cxd5 Nc4 21. Nf4 Qxb2 $1 $13 {
Mozetic,D-Epishin,V/Tilburg/1994/}) 13... Ba6 (13... Rb8 14. Rab1 Qb3 $2 (14...
Ba6) 15. Bc2 Qxc3 16. Nxc3 $16) 14. b3 Rfc8 15. Rfd1 Rab8 16. Rab1 Rb7 (16...
d5 17. Bg3 Rb7 18. f3 $14) 17. Bg3 $1 d5 (17... e5 $2 18. f3 $16) 18. h3 (18.
f3 $32 $16 Qc6 (18... dxc4 19. bxc4 Qc6 20. Qa5 $16) 19. Qa5 Qb6 20. Qd2 $1)
18... Qc6 $1 19. f3 (19. Qa5 dxc4 20. bxc4 Ne4 $1 $10) 19... Nb6 (19... dxc4 $5
20. bxc4 Rxb1 21. Rxb1 Qa4 $1) 20. Qa5 dxc4 21. Qxa6 cxd3 22. Rxd3 Rd7 $10 23.
Rbd1 (23. Rc3 Nfd5) 23... Rcd8 (23... Rxd3 24. Rxd3 c4 25. bxc4 Qxc4 $10) 24.
e4 c4 25. Rxd7 Rxd7 26. Rc1 $1 Nxe4 $1 (26... Rd2 27. Rxc4 $1 $16) 27. fxe4 (
27. Rxc4 Rd1+ (27... Nc5 $1 28. b4 Qa4 $1 29. Qxa4 Nbxa4 $10) 28. Kh2 Nd2 $2
29. Rxc6 Nf1+ 30. Kg1 Nxg3+ 31. Kf2 Nh1+ 32. Ke3 Nd5+ 33. Ke4 Nf6+ 34. Ke5 $1 (
34. Kf4 $2 g5+ 35. Ke5 Nd7+ $10) 34... Nd7+ 35. Kf4 g5+ 36. Ke3 $18) 27... Qxe4
28. Rxc4 $1 (28. Kf1 Rd2 29. Re1 cxb3 30. Qxa7 b2 31. Qxb6 Rxe2 $19) 28... Rd1+
(28... Nxc4 29. Qxc4 $16) (28... Qxe2 29. Rc8+ $18) 29. Kh2 (29. Kf2 $2 Qf5+
30. Rf4 Qc5+ 31. Rd4 $8 Rxd4 32. Nxd4 Qxd4+ 33. Kf1 Nd5 $40) 29... Qb1 30. Rc1
(30. Bf2 $2 Rh1+ 31. Kg3 Qd3+ 32. Kh4 g5+ $19) (30. Bb8 $2 Rh1+ 31. Kg3 Qe1+
32. Kf3 Rf1+ 33. Ke3 Nd5+ $19) 30... Rxc1 31. Nxc1 Qxc1 32. Qxa7 Nd5 33. a4 Ne3
34. Bf2 $8 Nf1+ 35. Kg1 Ng3+ (35... Nd2+ 36. Kh2 Qc3 (36... Nxb3 $2 37. Qb8+)
37. a5 Qxb3 38. a6 Qd1 $10) 36. Kh2 Nf1+ 37. Kg1 $10 1/2-1/2

[Event "RUS-Cup01 Chigorin Memorial"]
[Site "St Petersburg"]
[Date "1996.??.??"]
[Round "4"]
[White "Ivanov, Sergey"]
[Black "Yudasin, Leonid"]
[Result "1/2-1/2"]
[WhiteElo "2490"]
[BlackElo "2595"]
[Annotator "Shipov,S"]
[PlyCount "125"]
[EventDate "1996.11.??"]
[EventType "swiss"]
[EventRounds "9"]
[EventCountry "RUS"]
[SourceTitle "CBM 056 Extra"]
[Source "ChessBase"]
[SourceDate "1997.03.01"]
[SourceVersion "1"]
[SourceVersionDate "1997.03.01"]
[SourceQuality "1"]

1. d4 Nf6 2. c4 e6 3. Nc3 Bb4 4. Qc2 O-O 5. a3 Bxc3+ 6. Qxc3 b6 (6... d6 7. Bg5
h6 8. Bh4 b6 9. f3 c5 10. dxc5 bxc5 11. O-O-O Nc6 12. Bxf6 (12. e4 $2 Nxe4 $1)
12... gxf6 13. Nh3 e5 14. e3 Rb8 15. Bd3 Be6 16. Nf2 $14 {Sjoberg,M-Tolnai,T/
Kecskemet/1991/0.5/47/}) 7. Bg5 d6 {/\ Nbd7,c5,Ba6<=>/} (7... Bb7 8. f3 h6 9.
Bh4 d5 10. cxd5 exd5 11. e3 Re8 12. Bb5 c6 13. Ba4 Nbd7 14. Ne2 Qe7 15. Bf2 Ba6
16. b4 Rec8 17. Qb2 Bc4 18. Bb3 b5 $13 {Seirawan,J-Topalov,V/Amsterdam/1996/0.
5/42/}) (7... c5 8. dxc5 $1 bxc5 9. e3 d6 10. Bd3 Nbd7 11. Nf3 Qb6 12. O-O Rb8
13. Rab1 Bb7 14. Nd2 a5 15. b3 d5 $6 (15... Rfc8 $14) 16. cxd5 exd5 17. Rfc1
$16 {Dautov,R-Lutz,C/Nussloch/1996/1:0/29/}) 8. e3 (8. f3 $5 Nbd7 9. Nh3) 8...
Nbd7 9. Bd3 (9. f3) 9... c5 10. Ne2 (10. dxc5 $6 Nxc5 $1 11. Bc2 Ba6 $36) 10...
Ba6 11. b4 (11. O-O) (11. b3) 11... h6 12. Bh4 cxd4 13. exd4 (13. Qxd4 Ne5 14.
b5 Bb7 15. O-O Nxd3 16. Qxd3 d5 $10) 13... Rc8 14. Qb3 e5 15. b5 (15. d5 $2 e4
$17) 15... Bb7 16. O-O d5 $1 (16... exd4 17. Nxd4 d5 18. Nf5 $1 Rc5 19. Bc2 Ne5
20. Qg3 Ng6 21. Rfe1 Qc7 22. Nxh6+ gxh6 23. Bxf6 Qxg3 24. hxg3 Rxc4 25. Bd3 $16
{Baburin,A-Wirtensohn,H/Wohlen/1993/1:0/34/}) (16... e4 17. Bb1 Qc7 18. Ba2 d5
19. Qa4 Qb8 (19... dxc4 $6 20. Bg3 $1 Qd8 21. Qxa7 Bd5 22. Qa4 $16) 20. Bg3 Qa8
21. Nc3 Rfe8 22. Rfe1 dxc4 23. Bxc4 $14 {Baburin,A-Rosehtalis,E/Copenhagen/
1996/0.5/31/}) 17. Bf5 $2 (17. cxd5 Bxd5 (17... exd4 $5) 18. Qa4 e4 (18... Qc7
$2 19. Bxf6 Nxf6 20. dxe5 Qxe5 21. Qxa7 $16) 19. Bb1 Qc7 $13) 17... Rxc4 18.
Bxf6 Nxf6 19. dxe5 Ne4 20. Rad1 Qe7 21. Qb2 Re8 $15 {>< e5/} 22. Rfe1 (22. f4
$2 Qc5+ 23. Nd4 Nc3 $19) 22... Qc7 (22... Qxe5 23. Qxe5 Rxe5 24. Ng3 g6 25.
Bxe4 dxe4 26. Rd7 Bc8 27. Rxa7 Rxb5 $15) 23. Ng3 Rxe5 24. Nxe4 (24. f3 $2 Qc5+)
24... Rxf5 (24... dxe4 $2 25. Rd7 Qb8 26. Rxb7 $1 $18) 25. Ng3 Rc2 (25... Rf6
$2 26. Nh5 Rg6 27. Qxg7+ $3 Rxg7 28. Nf6+ Kh8 29. Re8+ Rg8 30. Rxg8#) 26. Re8+
Kh7 27. Re7 $8 Qc5 28. Qd4 Qxd4 29. Rxd4 Rc1+ 30. Nf1 Bc8 31. f3 (31. Rxa7 $2
Re5 $19) 31... a6 32. Kf2 $1 (32. a4 axb5 33. axb5 Rb1 $17) 32... axb5 33. Ne3
Rf6 34. Rxd5 Ra1 35. Rd3 $1 (35. Rxb5 Rxa3 36. Nd5 Ra2+ $17) 35... Ra2+ 36. Kg3
Be6 37. h4 {/\ h5,Re8,Rde8/} h5 38. Rb7 Bc4 39. Rc3 Re2 (39... Rc6 40. Rxf7)
40. Rc7 $1 (40. Nxc4 bxc4 41. Rxc4 Rg6+ 42. Kf4 Rexg2 43. Rxf7 R6g4+ $1 44.
fxg4 Rxg4+ $17) 40... Ba2 41. Rc2 Rxe3 (41... Rxc2 42. Rxc2 Be6 43. Rc6) 42.
Rxa2 Rb3 43. Rd2 $1 Rxa3 44. Rd5 Kh6 45. Rxb5 Rg6+ 46. Rg5 (46. Kh3 Ra2) 46...
f6 47. Rxg6+ Kxg6 48. Rb7 Rb3 49. Kf4 $10 Rb4+ 50. Ke3 Rb2 51. g3 Rb3+ 52. Ke4
Kh6 53. Rf7 Rb4+ 54. Kf5 Rd4 55. Rb7 Rb4 56. Rb8 Rb5+ 57. Ke4 g5 58. hxg5+ fxg5
59. Rd8 h4 60. Rd6+ Kg7 61. gxh4 gxh4 62. Kf4 Rb4+ 63. Kg5 (63. Kg5 h3 64. Rg6+
$1 Kf7 65. Rh6 $10) 1/2-1/2

[Event "Moscow-ch op"]
[Site "Moscow"]
[Date "1995.??.??"]
[Round "6"]
[White "Mitenkov, Alexey"]
[Black "Kalinin, Alexander"]
[Result "1-0"]
[WhiteElo "2430"]
[BlackElo "2365"]
[Annotator "Shipov,S"]
[PlyCount "111"]
[EventDate "1995.??.??"]
[EventType "swiss"]
[EventRounds "11"]
[EventCountry "RUS"]
[SourceTitle "EXT 1997"]
[Source "ChessBase"]
[SourceDate "1996.11.15"]
[SourceVersion "1"]
[SourceVersionDate "1996.11.15"]
[SourceQuality "1"]

1. d4 Nf6 2. c4 e6 3. Nc3 Bb4 4. Qc2 O-O 5. a3 Bxc3+ 6. Qxc3 b6 7. b4 $5 d5 (
7... Bb7 8. Bb2 d6 9. f3 $5 c5 (9... a5 10. b5 $1 Nbd7 11. e4 e5 12. Bd3 exd4
13. Qxd4 Nc5 14. Bc2 c6 $6 15. O-O-O $1 $16 {Mitenkov,A-Tunik,G/Cherepovets/
1993/1:0/38/}) 10. e3 Nbd7 11. Bd3 cxd4 12. exd4 Rc8 (12... e5 $5) 13. Ne2 e5
14. Qd2 exd4 (14... e4 $5) 15. O-O Ne5 16. Nxd4 d5 17. Nf5 $1 $36 {>< g7
Shishkin,V-Mitenkov,A/Katowice/1993/1:0/32/}) (7... c5 8. Bb2 Ne4 9. Qc2 Bb7
10. e3 Qe7 11. dxc5 bxc5 12. b5 d6 (12... d5 $5 $132) 13. Nh3 Nd7 14. f3 Nef6
15. Bd3 Rfd8 16. O-O $14 {Mitenkov,A-Eismont,O/Moscow/1995/0,5/31/}) 8. e3 (8.
c5 Ne4 (8... Ba6 $5) 9. Qb2 $1 e5 $2 (9... Ba6 $2 10. b5 $1) (9... a5 $1 $13)
10. cxb6 exd4 11. bxc7 Qxc7 12. Nf3 Qc3+ 13. Qxc3 dxc3 14. Nd4 $16 {Lechtynsky,
J-Cvetkovic,S/Trnava/1989/1:0/36/}) 8... c5 $1 (8... Ba6 9. b5 $1) 9. dxc5 Ne4
10. Qc2 bxc5 11. Bd3 (11. Nf3 $5 Nc6 (11... cxb4 12. axb4 Nc6 13. b5 $1 $36) (
11... Bb7 $5) (11... Nd7 $5) 12. cxd5 exd5 13. bxc5 Qa5+ 14. Bd2 Nxd2 15. Qxd2
Qxc5 16. Be2 $14) 11... cxb4 12. axb4 (12. Bxe4 dxe4 13. Qxe4 Qc7 $1 14. Qxa8
Nc6 15. axb4 Bb7 16. Qxf8+ Kxf8 17. Nf3 Nxb4 18. O-O $10) 12... Nc6 13. Ba3 (
13. Bxe4 dxe4 14. Qc3 (14. Qxe4 $2 Nxb4 15. Qxa8 Qd3 $1 $17) 14... f6 $1 {
/\ Ne5|^/}) (13. Rb1 a5 $1 $36) 13... Ne5 $2 (13... Qf6 $1 14. Rc1 $1 (14. Rd1
Nxf2 $1 15. Qxf2 Qc3+ $36) 14... Ne5 $1 15. Nh3 $1 (15. Bxe4 $2 dxe4 16. Qxe4
Bb7 $1 17. Qxb7 Nd3+ $40) 15... Bb7 $10) 14. Bxe4 dxe4 15. Qxe4 Qf6 (15... Nd3+
$2 16. Ke2 Qf6 17. Nf3 $18) (15... Qc7 $5) 16. Bb2 Nd3+ $8 17. Qxd3 Qxb2 18.
Rb1 Qf6 19. Ne2 $16 Bb7 20. O-O Rfd8 21. Qc3 Qg6 (21... Qxc3 $5 22. Nxc3 Rdc8
23. c5 a5 $132) 22. Nf4 Qg5 23. f3 Rac8 24. Nh3 $1 Qh5 25. Ra1 a6 26. e4 Rd7
27. Nf2 Qg5 28. Rfd1 Rxd1+ (28... Rdc7 29. c5) (28... Rcd8 $16) 29. Rxd1 a5 $2
30. b5 $1 h6 (30... Qxb5 $2 31. cxb5 Rxc3 32. Rd8#) 31. Rc1 Qc5 32. Qxa5 $18 f5
$1 33. exf5 exf5 34. Qd2 Bd5 35. b6 $2 (35. h4 $1 Bxc4 36. b6 Qxb6 (36... Qb5
37. Qd4 $18) (36... Re8 37. Qc3 $18) 37. Rxc4 Rxc4 38. Qd5+ $18) 35... Bb7 $1
$16 (35... Bxc4 $2 36. b7) 36. Qd7 Qxb6 37. Qxf5 Qe3 38. Rf1 (38. Qc2 $16)
38... Re8 39. h3 Ba6 40. Qd5+ Kh8 41. Ra1 Bc8 42. Qd3 Qc5 43. Ra8 $2 (43. Qd5
$16) 43... Re1+ 44. Kh2 Qc7+ $1 45. g3 Rc1 46. Ra4 Qc5 $2 (46... Qc6 $1 47. Rb4
$140 Qc5 48. Qd2 Rxc4 $1 49. Qd8+ Kh7 50. Qd3+ Bf5 51. Qxc4 Qxf2+ 52. Kh1 Qxf3+
53. Kh2 Qf2+ $10) 47. Kg2 Bb7 48. Qd2 $1 Bxf3+ (48... Rxc4 49. Qd8+ Kh7 50.
Qd3+ $18) (48... Qc6 49. Qxc1 Qxf3+ 50. Kf1 Qg2+ 51. Ke2 Bf3+ 52. Ke3 Qxg3 53.
Ne4 $1 $18) 49. Kxf3 Qc6+ 50. Ne4 Rf1+ 51. Kg2 Qxe4+ 52. Kxf1 Qf3+ 53. Ke1 Qh1+
54. Kf2 Qh2+ 55. Ke3 Qxg3+ 56. Kd4 1-0